<?xml version="1.0" encoding="UTF-8"?><?xml-stylesheet type="text/xsl" href="static/style.xsl"?><OAI-PMH xmlns="http://www.openarchives.org/OAI/2.0/" xmlns:xsi="http://www.w3.org/2001/XMLSchema-instance" xsi:schemaLocation="http://www.openarchives.org/OAI/2.0/ http://www.openarchives.org/OAI/2.0/OAI-PMH.xsd"><responseDate>2026-04-14T05:48:21Z</responseDate><request verb="GetRecord" identifier="oai:www.recercat.cat:2072/469307" metadataPrefix="marc">https://recercat.cat/oai/request</request><GetRecord><record><header><identifier>oai:recercat.cat:2072/469307</identifier><datestamp>2025-10-13T10:37:52Z</datestamp><setSpec>com_2072_98</setSpec><setSpec>col_2072_378192</setSpec></header><metadata><record xmlns="http://www.loc.gov/MARC21/slim" xmlns:dcterms="http://purl.org/dc/terms/" xmlns:xsi="http://www.w3.org/2001/XMLSchema-instance" xmlns:doc="http://www.lyncode.com/xoai" xsi:schemaLocation="http://www.loc.gov/MARC21/slim http://www.loc.gov/standards/marcxml/schema/MARC21slim.xsd">
   <leader>00925njm 22002777a 4500</leader>
   <datafield ind2=" " ind1=" " tag="042">
      <subfield code="a">dc</subfield>
   </datafield>
   <datafield ind2=" " ind1=" " tag="720">
      <subfield code="a">Ul Kausar, Zainab</subfield>
      <subfield code="e">author</subfield>
   </datafield>
   <datafield ind2=" " ind1=" " tag="720">
      <subfield code="a">Sánchez-Peña, Pilar</subfield>
      <subfield code="e">author</subfield>
   </datafield>
   <datafield ind2=" " ind1=" " tag="720">
      <subfield code="a">Baeza Labat, Maria del Mar</subfield>
      <subfield code="e">author</subfield>
   </datafield>
   <datafield ind2=" " ind1=" " tag="720">
      <subfield code="a">Sulonen, Mira</subfield>
      <subfield code="e">author</subfield>
   </datafield>
   <datafield ind2=" " ind1=" " tag="720">
      <subfield code="a">Gabriel, David</subfield>
      <subfield code="e">author</subfield>
   </datafield>
   <datafield ind2=" " ind1=" " tag="720">
      <subfield code="a">Baeza Labat, Juan Antonio</subfield>
      <subfield code="e">author</subfield>
   </datafield>
   <datafield ind2=" " ind1=" " tag="720">
      <subfield code="a">Guisasola, Albert</subfield>
      <subfield code="e">author</subfield>
   </datafield>
   <datafield ind2=" " ind1=" " tag="260">
      <subfield code="c">2023</subfield>
   </datafield>
   <datafield ind2=" " ind1=" " tag="520">
      <subfield code="a">Altres ajuts: acords transformatius de la UAB</subfield>
   </datafield>
   <datafield ind2=" " ind1=" " tag="520">
      <subfield code="a">BACKGROUND: The anode material of bioelectrochemical systems (BES) is crucial because its characteristics directly affect electron transfer from the bacteria to the anode. To assess its usefulness, each material must undergo evaluation under relevant operating conditions, as well as a complete electrochemical characterization. RESULTS: Five carbonaceous materials - carbon brush (CB), carbon granules (CG), thicker carbon felt (CF1), high-conductivity carbon felt (CF2), and high-active-area carbon felt (CF3) - anodes were tested in this work. The current generation with each anode material was studied, operating as a microbial fuel cell (MFC) and microbial electrolysis cell (MEC). Two MFC inoculation strategies were tested: (i) fixed 10 Ω external resistance (ER) and (ii) poised anode potential (PA) of 200 mV versus Ag/AgCl. Once reproducible cycles were obtained in MFC operation, CB yielded the highest maximum current density, amounting to 15.9 A m-2. A slightly reduced start-up time was observed for each anode with PA than ER. When the anodes were transferred to MEC operation, the maximum hydrogen production rate of 1.04 m3 H2 m-3 d-1 was obtained for CB. CONCLUSION: This study helps in selecting anode material for BES, allowing a shortening of the start-up time and improving its performance using different inoculation strategies and anode materials. Among all the anode materials employed in this study, CB and CF3 electrodes presented the best overall performance.</subfield>
   </datafield>
   <datafield tag="653" ind2=" " ind1=" ">
      <subfield code="a">Carbon-based anode materials</subfield>
   </datafield>
   <datafield tag="653" ind2=" " ind1=" ">
      <subfield code="a">Microbial electrolysis cell (MEC)</subfield>
   </datafield>
   <datafield tag="653" ind2=" " ind1=" ">
      <subfield code="a">Microbial fuel cell (MFC)</subfield>
   </datafield>
   <datafield tag="653" ind2=" " ind1=" ">
      <subfield code="a">Poised anode potential</subfield>
   </datafield>
   <datafield tag="653" ind2=" " ind1=" ">
      <subfield code="a">Start-up time</subfield>
   </datafield>
   <datafield ind2="0" ind1="0" tag="245">
      <subfield code="a">Systematic screening of carbon-based anode materials for bioelectrochemical systems</subfield>
   </datafield>
</record></metadata></record></GetRecord></OAI-PMH>